<?xml version="1.0" encoding="UTF-8"?>
<record
    xmlns:xsi="http://www.w3.org/2001/XMLSchema-instance"
    xsi:schemaLocation="http://www.loc.gov/MARC21/slim http://www.loc.gov/standards/marcxml/schema/MARC21slim.xsd"
    xmlns="http://www.loc.gov/MARC21/slim">

  <leader>01896nam a2200193 a 4500</leader>
  <controlfield tag="008">180205e2014    sp ||||g |||| 00| 0 spa d</controlfield>
  <datafield tag="020" ind1=" " ind2=" ">
    <subfield code="a">9788498386134</subfield>
  </datafield>
  <datafield tag="041" ind1=" " ind2=" ">
    <subfield code="a">spa</subfield>
  </datafield>
  <datafield tag="092" ind1=" " ind2=" ">
    <subfield code="c">808</subfield>
    <subfield code="l">68</subfield>
    <subfield code="s">PRE</subfield>
  </datafield>
  <datafield tag="100" ind1=" " ind2="1">
    <subfield code="a">Predicatori, Paola</subfield>
    <subfield code="9">4366</subfield>
  </datafield>
  <datafield tag="245" ind1=" " ind2="3">
    <subfield code="a">La lluvia en tu habitaci&#xF3;n/</subfield>
    <subfield code="c">Paola Predicatori</subfield>
  </datafield>
  <datafield tag="250" ind1=" " ind2=" ">
    <subfield code="a">2a ed.</subfield>
    <subfield code="b">Traducci&#xF3;n Patricia Orts</subfield>
  </datafield>
  <datafield tag="260" ind1=" " ind2=" ">
    <subfield code="a">Barcelona:</subfield>
    <subfield code="b">Salamandra;</subfield>
    <subfield code="c">2014.</subfield>
  </datafield>
  <datafield tag="300" ind1=" " ind2=" ">
    <subfield code="a">220 p.</subfield>
  </datafield>
  <datafield tag="500" ind1=" " ind2=" ">
    <subfield code="a">Predicatori, P. (2014). La lluvia en tu habitaci&#xF3;n. (2a ed.). Barcelona : Salamandra.</subfield>
  </datafield>
  <datafield tag="505" ind1=" " ind2=" ">
    <subfield code="a">A sus diecisiete a&#xF1;os, Alessandra ha vivido una de las experiencias m&#xE1;s dolorosas: el c&#xE1;ncer se ha llevado a su madre y ahora se encuentra entre la aceptaci&#xF3;n de una p&#xE9;rdida insoportable y un agudo sentimiento de abandono. Al reincorporarse a la escuela, en un impulso se sienta en el &#xFA;ltimo pupitre junto a Gabriele, ese chico al que todos los alumnos llaman Cero: cero palabras, cero estilo, cero notas. Un tipo silencioso, solitario e ignorado por todos, el gran perdedor de la clase, aunque &#xE9;l no parece darse por aludido. Alessandra se concierte as&#xED; en la nueva habitante de Cerolandia, el pa&#xED;s de la nada, de las sombras, del olvido. Cero acoge a Alessandra con una indiferencia que ella agradece, aunque, poco a poco, esa indiferencia va suscitando en ella una curiosidad tan irresistible como insidiosa, pues interfiere en su dolor y llama a la puerta de su obstinada soledad. Cero es, por supuesto, m&#xE1;s interesante de lo que parece, con su eterno mutismo, sus repetidas e inoportunas ausencias y un notable talento para el dibujo. As&#xED;, inesperadamente, el v&#xED;nculo que se crea entre los dos, un extra&#xF1;o pacto t&#xE1;cito de amistad, va m&#xE1;s all&#xE1; de la atracci&#xF3;n rom&#xE1;ntica y, para Alessandra, el primer invierno sin su madre cobra una nueva perspectiva que le devuelve las ganas de vivir. </subfield>
  </datafield>
  <datafield tag="655" ind1=" " ind2=" ">
    <subfield code="a">Literatura</subfield>
    <subfield code="9">2917</subfield>
  </datafield>
  <datafield tag="942" ind1=" " ind2=" ">
    <subfield code="2">ddc</subfield>
    <subfield code="c">LIT</subfield>
  </datafield>
  <datafield tag="999" ind1=" " ind2=" ">
    <subfield code="c">3325</subfield>
    <subfield code="d">3325</subfield>
  </datafield>
  <datafield tag="952" ind1=" " ind2=" ">
    <subfield code="0">0</subfield>
    <subfield code="1">0</subfield>
    <subfield code="2">ddc</subfield>
    <subfield code="4">0</subfield>
    <subfield code="7">0</subfield>
    <subfield code="a">BFM</subfield>
    <subfield code="b">BFM</subfield>
    <subfield code="c">CR</subfield>
    <subfield code="d">2026-05-26</subfield>
    <subfield code="e">Donaci&#xF3;n Mayo 2026</subfield>
    <subfield code="l">0</subfield>
    <subfield code="o">808 68 PRE</subfield>
    <subfield code="p">5164</subfield>
    <subfield code="r">2026-05-26</subfield>
    <subfield code="t">Ej. 1</subfield>
    <subfield code="w">2026-05-26</subfield>
    <subfield code="y">LIT</subfield>
    <subfield code="z">Donaci&#xF3;n Mayo 2026. Sede Tordos.</subfield>
    <subfield code="f"></subfield>
  </datafield>
</record>
